Liptovské mliekarne budú opäť predávať svoje výrobky
Hospodárenie Liptovskej mliekarne, a.s. Liptovský Mikuláš. Rozhodnutie valného zhromaždenia o zvýšení základného imania a o zlúčení s obchodnou spoločnosťou HLM, s.r.o. Liptovský Mikuláš. Tržby, zisk a počet pracovníkov Liptovskej mliekarne a HLM Liptovský Mikuláš. Oprávnenie na vývoz mliečnych výro...
Guardado en:
| Autor principal: | |
|---|---|
| Formato: | Capítulo de libro |
| Lenguaje: | eslovaco |
| Materias: | |
| Etiquetas: |
Sin Etiquetas, Sea el primero en etiquetar este registro!
|
MARC
| LEADER | 00000naa a2200000 4500 | ||
|---|---|---|---|
| 001 | r040309 | ||
| 005 | 20230921110249.8 | ||
| 041 | 0 | |a slo | |
| 044 | |a SK | ||
| 245 | 1 | 0 | |a Liptovské mliekarne budú opäť predávať svoje výrobky |c Milan Velecký |
| 520 | |a Hospodárenie Liptovskej mliekarne, a.s. Liptovský Mikuláš. Rozhodnutie valného zhromaždenia o zvýšení základného imania a o zlúčení s obchodnou spoločnosťou HLM, s.r.o. Liptovský Mikuláš. Tržby, zisk a počet pracovníkov Liptovskej mliekarne a HLM Liptovský Mikuláš. Oprávnenie na vývoz mliečnych výrobkov do krajín Európskej únie. | ||
| 610 | 2 | 0 | |a hospodárenie finančné |
| 610 | 2 | 0 | |a hospodárenie podnikové |
| 610 | 2 | 0 | |a tržby |
| 610 | 2 | 0 | |a zisk |
| 610 | 2 | 0 | |a počet pracovníkov |
| 610 | 2 | 0 | |a vývoz |
| 610 | 2 | 0 | |a mlieko |
| 610 | 2 | 0 | |a Liptovská mliekareň, a.s. Liptovský Mikuláš |
| 610 | 2 | 0 | |a HLM, s.r.o. Liptovský Mikuláš |
| 100 | 1 | |a Velecký, Milan | |